Μειονοτικά πολιτισμικά και εκπαιδευτικά δικαιώματα στον ευρωπαϊκό χώρο : πτυχιακή εργασία
Saved in:
| Main Author: | |
|---|---|
| Corporate Author: | |
| Other Authors: | |
| Format: | Thesis Book |
| Language: | Greek |
| Published: |
2010
|
| Subjects: | |
| Online Access: | http://hdl.handle.net/11610/7657 |
| Tags: |
Add Tag
No Tags, Be the first to tag this record!
|
MARC
| LEADER | 00000cam a2200000 i 4500 | ||
|---|---|---|---|
| 001 | 1/19573 | ||
| 008 | 120515s2010 gre d | ||
| 035 | |l 10112480 | ||
| 040 | |a GR-MY-UA |b gre |e aacr | ||
| 041 | 0 | |a gre | |
| 082 | 0 | |a 370 |2 (22) | |
| 100 | 1 | |a Λυκάκη, Νίκη. | |
| 245 | 1 | 0 | |a Μειονοτικά πολιτισμικά και εκπαιδευτικά δικαιώματα στον ευρωπαϊκό χώρο : |b πτυχιακή εργασία / |c επιμέλεια εργασίας: Λυκάκη Νίκη ; επιβλέπων καθηγητής: Γρηγορίου Παναγιώτης |
| 260 | |c 2010 | ||
| 300 | |a 166 σ.; |c 30 εκ. | ||
| 500 | |a Βιβλιογραφία: σ. 165-166 | ||
| 502 | |a Πτυχιακή εργασία – Πανεπιστήμιο Αιγαίου, Λέσβος, 2010. | ||
| 650 | 0 | 0 | |a Minorities |x Education |z European Union countries. |
| 650 | 0 | 0 | |a Minorities |x Civil rights |z Europe. |
| 650 | 0 | 0 | |a Dissertations, Academic |z Greece. |
| 650 | 0 | 0 | |a Education |z European Union countries. |
| 700 | 1 | |a Γρηγορίου, Παναγιώτης. |4 ths | |
| 710 | 2 | |a Πανεπιστήμιο Αιγαίου |b Σχολή Κοινωνικών Επιστημών |b Τμήμα Κοινωνιολογίας. | |
| 852 | |a INST |b LESVOS |c DIATR |e 20120515 |h 419 |p 005100050362 |q 005100050362 |t DIE |y 23 | ||
| 852 | |a INST |b LESVOS |c DIATR |e 20120515 |h 420 |p 005100050361 |q 005100050361 |t DIE |y 23 | ||
| 856 | |u http://hdl.handle.net/11610/7657 | ||
| 901 | |a BIBL1-2012-2 | ||
| 909 | |a Λ |b 173671 | ||
| 909 | |a Λ |b 173670 | ||
| 924 | |a ΛΥΚΑΚΗ |b ΝΙΚΗ |y ΛΕΣΒΟΣ |z 2010-09 | ||
| 970 | |a ΤΖΑΦΕΡΗ |b ΕΥΑΓΓΕΛΙΑ |z 2012/05/15 | ||